Statistiques concernant Les saints et fêtes du jour selon le calendrier des postes ! 1er trim.

Cliquez ici pour prendre le quiz!

Statistiques générales

  • Ce quiz a été pris 9 fois
  • Le résultat moyen est 28 sur 91

Statistiques - réponses

HintRéponse% Correct
JANVIERSt + 379B*s*l*2Basile
86%
JANVIERSte + 502G*n*v**ve3Geneviève
86%
JANVIERSt + 1275R**m*nd7Raymond
71%
JANVIERSt + 10665-4-15-21-1-18-45Edouard
57%
JANVIERRoisFête religieuse6Epiphanie
57%
JANVIERPremierFête civile1Jour de l'an
57%
JANVIERSt + 309CLAMER16Marcel
57%
JANVIERSte + 410M*rc*ll*31Marcelle
57%
JANVIERSt + 284S*b*st**n20Sébastien
57%
JANVIERSte + 230T*t**n*12Tatiana
57%
JANVIERSte + 1228*v*tt*13Yvette
57%
JANVIERSte + 304A**è*21Agnès
43%
JANVIERSt + 841B*rn*rd23Barnard
43%
FEVRIERSte + 1879B*rn*d*tt*18Bernadette
43%
FEVRIERSt + 316Bl**s*3Blaise
43%
MARSSt + 1484C*s*m*r4Casimir
43%
FEVRIERSt + 1682**au*e15Claude
43%
FEVRIERSte + 1261E**a1Ella
43%
MARSSt + 592G*ntr*n28Gontran
43%
JANVIERSt + 1209GLAIEULMU10Guillaume
43%
MARSSt + 687H*rb*rt20Herbert
43%
MARSSte + 1319J*st*n*11Justine
43%
FEVRIERSt + 867L*z*r*23Lazare
43%
MARSSte + 384L**22Léa
43%
JANVIERSt + 1048O*i*o*4Odilon
43%
MARSSt + 461P*tr*c*17Patrice
43%
JANVIERSte + 404APULE26Paule
43%
JANVIERSte + 1329ELIERONS17Roseline
43%
JANVIERSt + 2385Th*m*s d'*q**n28Thomas d'Aquin
43%
FEVRIER
St + 273
V*l*nt*n14Valentin
43%
JANVIERSt + 304CVNIENT22Vincent
43%
FEVRIERSte + 251A*a**e5Agathe
29%
FEVRIERSt + 1310EXILAS17Alexis
29%
MARSArchange Gabriel / MarieFête religieuse25Annonciation
29%
FEVRIERSt + 1856**g*st*29Auguste
29%
FEVRIERSt + 1303BACTERIE13Béatrice
29%
MARSSte + 1260BIDECENTE16Bénédicte
29%
MARSSt + 401JNBIMANE31Benjamin
29%
MARSSte + 1381C*th. d* S**d*24Cath. de Suède
29%
MARSSte + 1176MECCLENE21Clémence
29%
MARSSt + 3863-25-18-9-12-12-518Cyrille
29%
JANVIERSt + 16226-18-1-14-3-15-9-19 / 4-5 / 19-1-12-5-1924François de Sales
29%
FEVRIERSt + 540TSONGA6Gaston
29%
FEVRIERSte + 1270ABEILLES22Isabelle
29%
FEVRIERSte + 1274LJACNEIQUE8Jacqueline
29%
MARSSt + 1er siècle*o*e**19Joseph
29%
FEVRIERSt + 30510-21-12-9-5-14-14-516Julienne
29%
JANVIERSt + 290*u*ie*8Lucien
29%
JANVIERSt + 27013-1-18-9-21-1919Marius
29%
JANVIERSte + 22613-1-18-20-9-14-530Martine
29%
MARSSte + 968*a**i**e14Mathilde
29%
FEVRIERSt + 480*o*e**e24Modeste
29%
JANVIERSt(e) + 33914-9-14-114Nina
29%
JANVIERSt + 80416-1-21-12-9-1411Paulin
29%
JANVIERSt + 530*e*i15Rémi
29%
FEVRIERSt + 463MANOIR28Romain
29%
MARSSte + 1er siècleSENIOR10Rosine
29%
MARSSt + 48422-9-3-20-15-18-9-5-1423Victorien
29%
MARSSt + 320*i*ie*9Vivien
29%
FEVRIERSte + 1252**m**20Aimée
14%
JANVIERSte + 2650A**è*e27Angèle
14%
FEVRIERSte + 248A*o**i*e9Apolline
14%
FEVRIERSt + 12551-18-14-1-21-410Arnaud
14%
MARSSt + 550NUBAI1Aubin
14%
MARS42 JoursFête religieuse12Carême
14%
MARSSt + 1127**a**e* *e *o*2Charles le Bon
14%
MARSSt + 14473-15-12-5-20-20-56Colette
14%
JANVIER
St + 64 + événement
*o**. *e ** *au*25Conv. de St Paul | Conversion de St Paul
14%
FEVRIERSte + 1871**g*n**7Eugénie
14%
FEVRIERSt + 304*é*i*12Félix
14%
FEVRIERSt + 296*a*i*19Gabin
14%
JANVIERSt + 570GLAIDS29Gildas
14%
MARSSt + 5047-21-5-14-15-12-53Guénolé
14%
MARSSte + Ve siècle7-23-12-1-4-25-1929Gwladys
14%
MARSSt + 322*a*i*27Habib
14%
FEVRIERSte + 303*o*o*i*e27Honorine
14%
MARSSte + IVe siècleSALIRAS26Larissa
14%
MARSSte + 166012-15-21-9-19-515Louise
14%
FEVRIER
Vierge / Depuis 1864
*.*. *e *ou**es11N.D. de Lourdes
14%
FEVRIERSt + 25114-5-19-20-15-1826Nestor
14%
MARSSt + 138VOILE5Olive
14%
FEVRIERSt + 107216-9-5-18-18-5 / 4-1-13-9-5-1421Pierre Damien
14%
FEVRIERTempleFête religieuse2Prés. du Seigneur | Présentation du Seigneur
14%
JANVIERSte + 250**i**a18Prisca
14%
MARSSt + 857DEROUGIR13Rodrigue
14%
FEVRIERSt + 1380MOORE25Roméo
14%
FEVRIERSte + 1er siècle22-5-18-15-14-9-17-21-54Véronique
14%
JANVIEROndoiementFête religieuse9Bapt. S
0%
MARS46 JoursFête religieuse8Cendres
0%
MARS47 JoursFête7Mardi Gras
0%
MARS24 JoursRupture30Mi Carême
0%

Distribution des résultats

Percentile par nombre de réponses

% des personnes avec chaque résultat

Votre développement - résultats

Vous n’avez pas pris ce quiz